Florence Nightingale, the lady of the lamp. (Record no. 37955)

MARC details
000 -LEADER
fixed length control field 00574cam a22002051 4500
001 - CONTROL NUMBER
control field med47000077
003 - CONTROL NUMBER IDENTIFIER
control field DLC
005 - DATE AND TIME OF LATEST TRANSACTION
control field 20260227111557.0
008 - FIXED-LENGTH DATA ELEMENTS--GENERAL INFORMATION
fixed length control field 780726s1947 iau 000 0 eng
010 ## - LIBRARY OF CONGRESS CONTROL NUMBER
LC control number med47000077
035 ## - SYSTEM CONTROL NUMBER
System control number (OCoLC)4086999
040 ## - CATALOGING SOURCE
Original cataloging agency DLC
Transcribing agency KMNC
Modifying agency DLC
050 00 - LIBRARY OF CONGRESS CALL NUMBER
Classification number UH347.N6
Item number M5
082 ## - DEWEY DECIMAL CLASSIFICATION NUMBER
Classification number [920.7] 926.1
100 1# - MAIN ENTRY--PERSONAL NAME
Personal name Miller, Basil,
Dates associated with a name 1897-1978.
245 00 - TITLE STATEMENT
Title Florence Nightingale, the lady of the lamp.
260 ## - PUBLICATION, DISTRIBUTION, ETC.
Place of publication, distribution, etc. Grand Rapids,
Name of publisher, distributor, etc. Zondervan Pub. House
Date of publication, distribution, etc. [1947]
300 ## - PHYSICAL DESCRIPTION
Extent 125 p.
Dimensions 20 cm.
600 10 - SUBJECT ADDED ENTRY--PERSONAL NAME
Personal name Nightingale, Florence,
Dates associated with a name 1820-1910.

No items available.

Powered by Koha